Apoptotic effects and chemical investigation of active extracts of Curcuma mangga rhizomes /
Saved in:
| Main Author: | |
|---|---|
| Format: | Thesis Book |
| Language: | English |
| Published: |
2018.
|
| Subjects: | |
| Online Access: | http://studentsrepo.um.edu.my/9378/ |
| Tags: |
Add Tag
No Tags, Be the first to tag this record!
|
| LEADER | 01434cam a2200385 i 4500 | ||
|---|---|---|---|
| 001 | u1100535 | ||
| 003 | SIRSI | ||
| 005 | 201811220959 | ||
| 008 | 181122s2018 my a m 000 0 eng | ||
| 040 | |a UMM |e rda | ||
| 090 | |a QH302 |b UM 2018 Hon | ||
| 100 | 1 | |a Hong, Gin Wah, |e author. | |
| 245 | 1 | 0 | |a Apoptotic effects and chemical investigation of active extracts of Curcuma mangga rhizomes / |c Hong Gin Wah. |
| 264 | 1 | |c 2018. | |
| 300 | |a xviii, 132 leaves : |b illustrations ; |c 30 cm. | ||
| 336 | |a text |2 rdacontent | ||
| 337 | |a unmediated |2 rdamedia | ||
| 337 | |a computer |2 rdamedia | ||
| 338 | |a volume |2 rdacarrier | ||
| 338 | |a computer disc |2 rdacarrier | ||
| 502 | |b M.Sc. |c Institut Sains Biologi, Fakulti Sains, Universiti Malaya |d 2018. | ||
| 504 | |a Bibliography: leaves 87-99. | ||
| 530 | |a Also issued in CD. | ||
| 650 | 0 | |a Apoptosis. | |
| 650 | 0 | |a Zingiberaceae |x Therapeutic use. | |
| 650 | 0 | |a Curcuma |x Therapeutic use. | |
| 650 | 0 | |a Cancer |x Alternative treatment. | |
| 650 | 0 | |a Plants |x chemistry. | |
| 710 | 2 | |a Universiti Malaya. |b Institut Sains Biologi, |e degree granting institution. | |
| 856 | 4 | 1 | |u http://studentsrepo.um.edu.my/9378/ |
| 856 | 4 | 1 | |
| 900 | |a NNANS | ||
| 596 | |a 1 25 | ||
| 999 | |a QH302 UM 2018 HON |w LC |c 1 |i A517273673 |f 28/11/2018 |g 1 |l STACKS |m P01UTAMA |r Y |s Y |t TESIS |u 28/11/2018 |1 STEM | ||
| 999 | |a QH302 UM 2018 HON |w LC |c 1 |i A516742446 |f 12/12/2018 |g 1 |l STACKS |m P25UMARCHI |r N |s Y |t CD |u 12/12/2018 |1 STEM | ||
